Представление документа в формате RUSMARC

Поле Инд. ПП Название Значение
Тип записи a
Библиографический уровень s
001 Контрольный номер f518b0848c5a4824ac33f6c6892e73a1
005 Дата корректировки 20250219155600.2
011 a ISSN 1812-3805
102 a Страна публикации RU
200 1_ a Заглавие История государства и права
b Общее обозначение материала Текст
e Сведения, относящиеся к заглавию научный журнал
203 a Вид содержания Текст : непосредственный
210 1_ c Издательство Юрист
a Место издания Москва
d Дата издания 2019
300 a Общие примечания Хранение 5 лет
318 a Действие (Дата размещения 21.01.2019)
326 a Примечания о периодичности (серийного издания) Ежемес.
330 a Аннотация Научно-правовое издание публикует материалы по истории права, комментарии к историческим документам, новости истории и теории права с научно-практических конференций, аналитические обобщения, отрывки из монографий, рецензии на научные издания, книжные обозрения, архивные документы.
610 0_ a Ключевые слова Периодика 2019
801 _0 a Страна RU
b Организация РГУП
g Правила каталогизации PSBO
801 _1 a Страна RU
b Организация РГУП
g Правила каталогизации PSBO
901 t Тип документа u
905 a Дата ввода 20190121
953 a Вид документа Журнал печатный